Normal view
MARC view
- Conthorn, Carolina Susana
Entry Nombre Personal
001 - NUMERO DE CONTROL
- campo de control: 53301
003 - IDENTIFICADOR DE NUMERO DE CONTROL
- campo de control: UPN
005 - FECHA Y HORA DE LA ÜLTIMA TRANSACCIÓN
- campo de control: 20240828125207.0
008 - DATOS DE LONGITUD FIJA
- campo de control de longitud fija: 240828|| acn||aabn | a|a d
024 7# - OTROS IDENTIFICADORES NORMALIZADOS
- Fuente: orcid
- Número normalizado o código: https://orcid.org/0000-0001-5507-3723
040 ## - FUENTE DE CATALOGACIÓN
- Agencia original de catalogación: MX-MxUPN
100 1# - ENCABEZAMIENTO - NOMBRE PERSONAL
- Nombre personal: Conthorn, Carolina Susana
370 ## - LUGAR ASOCIADO
- Associated country: Chile
371 ## - DIRECCIÓN
- Electronic mail address: carolina.corthorn@unab.cl
373 ## - GRUPO ASOCIADO
- Associated group: Universidad Andrés Bello
670 ## - FUENTE EN LA QUE SE LOCALIZARON DATOS
- Cita de la fuente: En recurso en línea: Revista de la educación superior, vol. 53, no. 209, (2024)
- Información localizada: Página 81 (Carolina Corthorn)
- Uniform Resource Identifier: http://resu.anuies.mx/ojs/index.php/resu/article/view/2751
902 ## - CATALOGADOR
- Catalogador: Leonor Sotres/280824
